000
00277pab a2200121 454500
008
180718b2001 xxu||||| |||| 00| 0 eng d
245
_a
SYMPOSIUM: Microcredit
260
_c
2001
300
_a
p.265-333
650
_a
Credit
773
_a
Policy Studies Journal
909
_a
50756
999
_c
50756
_d
50756